Responses for Show #7334 - Thursday, June 30, 2016

Contestants

[<< previous game]

Shyamlee Patel, an office manager and student from New York, New York

Dolph Chaney, a project manager from Homewood, Illinois

Christie O'Shaughnessy, a math and science educator from Princeton, New Jersey (whose 1-day cash winnings total $14,401)

[next game >>]

Jeopardy! Round responses

WHERE AM I?
(Alex: We'll be following the Clue Crew all over.)
FAMILIAL TERMS
HISTORIC NICKNAMES
RHYMES WITH TICKLE
LEFTOVERS
THE RED AUERBACH TROPHY
(Alex: ...given to the NBA coach of the year.)
    $200 12
(Christie: Where is Canton?)

Atlanta

Christie
Triple Stumper
    $200 14
generations

Christie
    $200 22
(George Washington) Carver

Dolph
    $200 11
trickle

Christie
    $200 24
(Christie: What is white?)

red

ChristieDolph
    $200 23
the Chicago Bulls

Shyamlee
    $400 4
Springfield (Illinois)

Christie
    $400 8
common law

Christie
    $1,000 1
(Alex: Christie? Pick a president.)
(Christie: Who is Madison?)

Andrew Jackson

Christie
    $400 13
sickle

Shyamlee
    $400 9
the polar bear

Triple Stumper
    $400 25
[The end-of-round signal sounds.]
(Alex: Shyamlee is going first in Double Jeopardy! We're going to try to get to more clues in that round.)

the L.A. Lakers

Dolph
    $600 5
Cleveland

Christie
    $600 16
Pedigree

Shyamlee
    $600 2
Carrie Nation

Christie
    $600 15
pickle

Christie
    $600 10
(Alex: [Inhales sharply] We'll give you that.)

the Bureau of Labor Statistics (the national labor statistics bureau accepted)

Christie
    $800 6
Portland, Oregon

Dolph
    $800 17
avuncular

Shyamlee
    $800 3
(Shyamlee: Who is Martin Luther?)

(John) Calvin

ChristieShyamlee
    $800 20
nickel

Dolph
    $1000 7
(Christie: Where is Manayunk?)

the Schuylkill River

Christie
Triple Stumper
    $1000 18
Dowager Countess

Dolph
    $1000 19
(Christie: Who is Nimitz?)
...
(Alex: Dolph, with a minute to go.)

Hyman Rickover

Christie
Triple Stumper
    $1000 21
(Christie: [Chuckles] Spelled differently, though.)
(Alex: [Defensively] I know.)
[ERRATUM: Family aired on ABC, not NBC.]

(Kristy) McNichol

Christie

Scores at the first commercial break (after clue 13):

Christie Dolph Shyamlee
$1,400 $800 -$400

Scores at the end of the Jeopardy! Round:

Christie Dolph Shyamlee
$2,000 $3,400 $1,200

Double Jeopardy! Round responses

THE SUPREME COURT
MUSICIANS ON TV
OLD NAMES FOR CHEMICAL ELEMENTS
(Alex: Gosh, we're back to that?)
CENTRAL PARK
HOW NOVEL!
FROM "M" TO "N"
(Alex: Each correct response will begin with an "M" and end with the letter "N".)
    $400 29
separate but equal

Shyamlee
    $400 12
the Muppets

Shyamlee
    $400 30
iron

Dolph
    $400 17
John Lennon

Dolph
    $400 22
Gothic

Shyamlee
    $400 1
minivan

Shyamlee
    $800 4
the death penalty

Christie
    $800 13
Flight of the Conchords

Dolph
    $800 5
silver

Shyamlee
    $800 18
Shakespeare in the Park

Dolph
    $800 23
Forks

Shyamlee
    $800 2
mortician

Shyamlee
    $2,200 7
Burger & Frankfurter

Christie
    $1200 14
Homer Simpson

Shyamlee
    $1200 9
lead

Christie
    $1200 19
(Christie: What is the obelisk?)
(Alex: Be more specific.)
(Christie: What is Cleopatra's obelisk?)

Cleopatra's Needle

Christie
Triple Stumper
    $1200 10
Hieronymus Bosch

Shyamlee
    $1200 3
(Shyamlee: What is marzipan?)

macaroon

ChristieShyamlee
    $1600 8
(Christie: Who is Brennan?)
(Dolph: Who is White?)
(Shyamlee: Who is Burrows?)

William O. Douglas

ChristieDolphShyamlee
Triple Stumper
    $1600 15
Full House

Dolph
    $2,000 26
sodium

Shyamlee
    $1600 20
Tavern on the Green

Shyamlee
    $1600 24
Vanity Fair

Shyamlee
    $1600 6
matron

Christie
    $2000 28
due process

Christie
    $2000 16
Sex&Drugs&Rock&Roll

Dolph
    $2000 27
tin

Christie
    $2000 21
(Dolph: What is Bella Vista?)

the Belvedere Castle

Dolph
Triple Stumper
    $2000 25
Cakes and Ale

Triple Stumper
    $2000 11
mandolin

Shyamlee

Scores at the end of the Double Jeopardy! Round:

Christie Dolph Shyamlee
$10,200 $5,800 $12,000

[wagering suggestions for these scores]

Final Jeopardy! Round responses

INTERNATIONAL FILM AWARDS
DolphWhat is The Artist?
$5,795
ChristieWhat is The Artist?
$1,401
ShyamleeWhat is The Artist?
$8,401
The Artist

Final scores:

Christie Dolph Shyamlee
$11,601 $11,595 $20,401
2nd place: $2,000 3rd place: $1,000 New champion: $20,401

Game dynamics:

Coryat scores:

Christie Dolph Shyamlee
$10,200 $5,800 $11,600
17 R
(including 1 DD),
7 W
(including 1 DD)
12 R,
2 W
17 R
(including 1 DD),
3 W

Combined Coryat: $27,600

[game clues] [game scores] [suggest correction]

Game tape date: 2016-03-29
The J! Archive is created by fans, for fans. Scraping, republication, monetization, and malicious use prohibited; this site may use cookies and collect identifying information. See terms. The Jeopardy! game show and all elements thereof, including but not limited to copyright and trademark thereto, are the property of Jeopardy Productions, Inc. and are protected under law. This website is not affiliated with, sponsored by, or operated by Jeopardy Productions, Inc. Join the discussion at JBoard.tv.